000 00735nam a22001817a 4500
003 DO-SdBNP
005 20171129110004.0
008 171128b1999 xxu| |||| 00| 0 spa d
040 _aBPMSU
_bspa
_cBPMSU
245 _6
_aCómo mejorar la enseñanza del evangelio :
_buna guía para el líder /
260 _aSalt Lake :
_bLa Iglesia de Jesucristo de los Santos de los últimos Días
_c1999
300 _a11 p. ;
_c29 cm.
505 _aLibro 2 :
_tLideres del sacerdocio y de las organizaciones auxiliares --
_gSección 2 :
_tSacerdocio
_tAerónico
710 _aLa Iglesia de Jesucristo de los Santos de los últimos Días
942 _2ddc
_cBK
945 _aInventariado extranjero / 2017
956 _aVMATEO
_b10
_c20171128
_dBPMSU
_f0069
999 _c13207
_d13207